000 00801nam a2200241 a 4500
001 000044259
005 20240226141826.0
008 110921s2007 dr a 000 0 spa d
020 _a9789945406627
040 _aDO-SdBNP
_bspa
_cBNPHU
082 _a843. 8
_bV531V
100 1 _aVerne, Julio,
_d1828-1905
_91073
245 1 0 _a20.000 lenguas de viaje submarino /
_cJulio Verne ; ilustraciones José Lovera.
246 1 3 _aVeinte mil leguas de viaje submarino.
260 _aSanto Domingo :
_bAlfa y Omega,
_c2007.
300 _a163 p. ;
_c21cm.
490 1 _aClásicos universales
500 _aIncluye notas al pie de las páginas
650 4 _aNovela francesa
_91075
650 4 _aExploracines submarinas
_xNovela
_972264
700 1 2 _aLovera, José
_91072
830 0 _aClásicos universales
_9266
999 _c43748
_d43748